| 000 | 00555nam a2200205 a 4500 | ||
|---|---|---|---|
| 001 | BRCA_6360 | ||
| 005 | 20190320205426.0 | ||
| 008 | 230811c----1920gw-#######---#000-0#ger-# | ||
| 041 | _ager | ||
| 044 | _agw | ||
| 050 | 4 |
_aGA9 _b.K54 1920 |
|
| 100 | 1 |
_aFrancé, Raoul H. _d1874-1943 _qRaoul Heinrich _915938 |
|
| 245 | 1 | 0 |
_aDie Waage des Lebens _bEin Buch der Rechenschaft _cvon Raoul H. Francé. |
| 260 |
_aPrien, Abb _bAnthropos _c1920 |
||
| 300 |
_a304 p. _c21 cm. |
||
| 500 | _aK155 | ||
| 650 | 1 | 4 |
_aFilosofía _914906 |
| 902 | _aGFM | ||
| 942 |
_2lcc _cB |
||
| 999 |
_c6046 _d6046 |
||